| 000 | 00979cam a22002894a 4500 | ||
|---|---|---|---|
| 001 | 12433782 | ||
| 005 | 20231130062341.0 | ||
| 008 | 010607s2001 ii a b 001 0 eng | ||
| 020 | _a0761995331 | ||
| 020 | _a0761995862 (pbk.) | ||
| 040 |
_aDLC _cDLC _dDLC |
||
| 082 | 0 | 0 |
_a305.42/0954 _221 |
| 245 | 0 | 0 |
_aBuilding women's capacities : _binterventions in gender transformation / _cedited by Ranjani K. Murthy. |
| 260 |
_aNew Delhi ; _aThousand Oaks, Calif. : _bSage Publications, _c2001. |
||
| 300 | _a383 p. : | ||
| 650 | 0 | _aWomen in community development | |
| 650 | 0 | _aWomen in economic development | |
| 650 | 0 | _aSex role | |
| 650 | 0 | _aCommunity development personnel | |
| 650 | 0 | _aGlobalization | |
| 650 | 0 | _aWomen employees | |
| 650 | 0 | _aWomen employees | |
| 700 | 1 |
_aMurthy, Ranjani K., _eedt |
|
| 856 | 4 | 2 | _uhttp://www.loc.gov/catdir/enhancements/fy0657/2001041632-d.html |
| 856 | 4 | 1 | _uhttp://www.loc.gov/catdir/enhancements/fy0657/2001041632-t.html |
| 942 | _cL | ||
| 999 |
_c108 _d108 |
||